|
|
|
|
| LEADER |
02629nam a2200433 4500 |
| 001 |
ocn648266981 |
| 003 |
OCoLC |
| 005 |
20180501121931.0 |
| 006 |
m o d |
| 007 |
cr cn||||||||| |
| 008 |
750501s2005 enka ob 001 0 eng d |
| 010 |
|
|
|z 63014040
|
| 040 |
|
|
|a E7B
|b eng
|e pn
|c E7B
|d OCLCQ
|d UBY
|d OCLCQ
|d OPELS
|d OCLCQ
|d OCLCF
|d OCLCQ
|d OTZ
|d GrThAP
|
| 019 |
|
|
|a 505140879
|a 994993389
|
| 020 |
|
|
|a 0120261480
|q (electronic bk.)
|
| 020 |
|
|
|a 9780120261482
|q (electronic bk.)
|
| 035 |
|
|
|a (OCoLC)648266981
|z (OCoLC)505140879
|z (OCoLC)994993389
|
| 050 |
|
4 |
|a QH91.A1
|b A37 2005eb
|
| 082 |
0 |
4 |
|a 578.77
|2 23
|
| 049 |
|
|
|a TEFA
|
| 245 |
0 |
0 |
|a Advances in marine biology.
|n Volume 47 /
|c edited by A.J. Southward [and others].
|
| 260 |
|
|
|a London ;
|a New York :
|b Academic Press,
|c 2005.
|
| 300 |
|
|
|a 1 online resource (xii, 328 pages) :
|b illustrations.
|
| 336 |
|
|
|a text
|b txt
|2 rdacontent
|
| 337 |
|
|
|a computer
|b c
|2 rdamedia
|
| 338 |
|
|
|a online resource
|b cr
|2 rdacarrier
|
| 490 |
1 |
|
|a Advances in marine biology ;
|v v. 47
|
| 504 |
|
|
|a Includes bibliographical references and index.
|
| 588 |
0 |
|
|a Print version record.
|
| 520 |
|
|
|a This new volume of Advances in Marine Biology contains reviews on a wide range of important subjects such as: long-term oceanographic and ecological research in the western English Channel; marine biofouling on fish farms and its remediation; interactions between behaviour and physical forcing in the control of horizontal transport of decapod crustacean larvae; comparison of marine copepod outfluxes: nature, rate, fate and role in the carbon and nitrogen cycles. Advances in Marine Biology has been providing in-depth and up-to-date reviews on all aspects of Marine Biology since 1963 -- over 40 years of outstanding coverage! The series is well-known for both its excellence of reviews as well as the strength of its thematic volumes devoted to a particular field in detail, such as 'The Biochemical Ecology of Marine Fishes' and 'Molluscan Radiation'. Radiation'. * Series Encompasses 40 Years of Coverage * Up-to-date Reviews on Wide-Ranging Topics.
|
| 650 |
|
0 |
|a Marine biology.
|
| 650 |
|
0 |
|a Marine sciences.
|
| 650 |
|
7 |
|a Marine biology.
|2 fast
|0 (OCoLC)fst01009447
|
| 650 |
|
7 |
|a Marine sciences.
|2 fast
|0 (OCoLC)fst01009934
|
| 655 |
|
4 |
|a Electronic books.
|
| 700 |
1 |
|
|a Southward, Alan J.
|
| 776 |
0 |
8 |
|i Print version:
|t Advances in marine biology. Volume 47.
|d London ; New York : Academic Press, 2005
|w (DLC) 63014040
|
| 830 |
|
0 |
|a Advances in marine biology ;
|v v. 47.
|
| 856 |
4 |
0 |
|u https://www.sciencedirect.com/science/bookseries/00652881/47
|z Full Text via HEAL-Link
|